| 000 -LEADER |
| fixed length control field |
00778cam a22002534a 4500 |
| 001 - CONTROL NUMBER |
| control field |
9827 |
| 003 - CONTROL NUMBER IDENTIFIER |
| control field |
BD-DhUAP |
| 005 - DATE AND TIME OF LATEST TRANSACTION |
| control field |
20200224175957.0 |
| 008 - FIXED-LENGTH DATA ELEMENTS--GENERAL INFORMATION |
| fixed length control field |
200224s2003 maua b 001 0 eng |
| 010 ## - LIBRARY OF CONGRESS CONTROL NUMBER |
| LC control number |
2002075356 |
| 020 ## - INTERNATIONAL STANDARD BOOK NUMBER |
| International Standard Book Number |
0262134152 (hc. : alk. paper) |
| 040 ## - CATALOGING SOURCE |
| Original cataloging agency |
DLC |
| Transcribing agency |
DLC |
| Modifying agency |
DLC |
| 042 ## - AUTHENTICATION CODE |
| Authentication code |
pcc |
| 050 00 - LIBRARY OF CONGRESS CALL NUMBER |
| Classification number |
NA2515 |
| Item number |
.M38 2003 |
| 082 00 - DEWEY DECIMAL CLASSIFICATION NUMBER |
| Classification number |
720 MCE |
| Edition number |
23 |
| 100 1# - MAIN ENTRY--PERSONAL NAME |
| Personal name |
McEwen, Indra Kagis. |
| 245 10 - TITLE STATEMENT |
| Title |
Vitruvius : |
| Remainder of title |
writing the body of architecture / |
| Statement of responsibility, etc. |
Indra Kagis McEwen. |
| 260 ## - PUBLICATION, DISTRIBUTION, ETC. |
| Place of publication, distribution, etc. |
Cambridge, Mass. : |
| Name of publisher, distributor, etc. |
MIT Press, |
| Date of publication, distribution, etc. |
c2003. |
| 300 ## - PHYSICAL DESCRIPTION |
| Extent |
x, 493 pages : |
| Other physical details |
illustrations ; |
| Dimensions |
21 cm. |
| 504 ## - BIBLIOGRAPHY, ETC. NOTE |
| Bibliography, etc. note |
Includes bibliographical references (p. 407-476) and index. |
| 600 00 - SUBJECT ADDED ENTRY--PERSONAL NAME |
| Personal name |
Vitruvius Pollio. |
| 650 #0 - SUBJECT ADDED ENTRY--TOPICAL TERM |
| Topical term or geographic name entry element |
Architecture |
| Form subdivision |
Early works to 1800. |
| 942 ## - ADDED ENTRY ELEMENTS (KOHA) |
| Source of classification or shelving scheme |
|
| Koha item type |
Book |